| 000 | 02237nam a2200433 a 4500 | ||
|---|---|---|---|
| 001 | ebr10277767 | ||
| 003 | CaPaEBR | ||
| 006 | m u | ||
| 007 | cr cn||||||||| | ||
| 008 | 080211s2008 moua sb s001 0beng | ||
| 010 | _z 2008006204 | ||
| 020 | _z9780826217868 (alk. paper) | ||
| 020 | _z0826217869 (alk. paper) | ||
| 040 |
_aCaPaEBR _cCaPaEBR |
||
| 035 | _a(OCoLC)646208899 | ||
| 043 |
_an-us--- _an-us-ny |
||
| 050 | 1 | 4 |
_aE185.97.W1344 _bC87 2008eb |
| 082 | 0 | 4 |
_a070.92 _aB _222 |
| 100 | 1 |
_aCurtis, Susan, _d1956- |
|
| 245 | 1 | 0 |
_aColored memories _h[electronic resource] : _ba biographer's quest for the elusive Lester A. Walton / _cSusan Curtis. |
| 260 |
_aColumbia : _bUniversity of Missouri Press, _cc2008. |
||
| 300 |
_axiii, 290 p. : _bill. |
||
| 504 | _aIncludes bibliographical references (p. 273-283) and index. | ||
| 520 | _a"Explores the life of African American Lester A. Walton whose illustrious career spanned the first six decades of the twentieth century but who is now forgotten. Curtis explores the failure of collective memory and America's obsession with race as she explains how she discovered Walton and his place in history"--Provided by publisher. | ||
| 533 |
_aElectronic reproduction. _bPalo Alto, Calif. : _cebrary, _d2013. _nAvailable via World Wide Web. _nAccess may be limited to ebrary affiliated libraries. |
||
| 600 | 1 | 0 |
_aWalton, Lester A., _d1882-1965. |
| 650 | 0 |
_aAfrican Americans _vBiography. |
|
| 650 | 0 |
_aAfrican American journalists _zNew York (State) _zNew York _vBiography. |
|
| 650 | 0 |
_aTheater critics _zNew York (State) _zNew York _vBiography. |
|
| 650 | 0 |
_aAfrican Americans _zNew York (State) _zNew York _xIntellectual life _y20th century. |
|
| 650 | 0 |
_aAfrican Americans _xRace identity _vCase studies. |
|
| 650 | 0 |
_aMemory _xSocial aspects _zUnited States _vCase studies. |
|
| 650 | 0 |
_aBiography _xResearch _zUnited States _vCase studies. |
|
| 651 | 0 |
_aNew York (N.Y.) _xIntellectual life _y20th century. |
|
| 651 | 0 |
_aUnited States _xRace relations _vCase studies. |
|
| 655 | 7 |
_aElectronic books. _2local |
|
| 710 | 2 | _aebrary, Inc. | |
| 856 | 4 | 0 |
_uhttp://site.ebrary.com/lib/rucke/Doc?id=10277767 _zAn electronic book accessible through the World Wide Web; click to view |
| 999 |
_c19779 _d19779 |
||